[Event "Bengaluru Namma op 2nd"]
[Site "Bengaluru"]
[Date "2025.04.18"]
[Round "10"]
[White "Samarth, Sreeni Warrier"]
[Black "Krishnan, Ritvik"]
[Result "0-1"]
[WhiteElo "1954"]
[BlackElo "2316"]
[PlyCount "132"]
[EventDate "2025.04.10"]
[EventType "swiss"]
[EventRounds "10"]
[EventCountry "IND"]
[SourceTitle "CB18_2025"]
[SourceDate "2025.04.30"]
[SourceVersion "1"]
[SourceVersionDate "2025.04.30"]
[SourceQuality "1"]

1. d4 Nf6 2. Nf3 d5 3. c4 e6 4. Nc3 Be7 5. Bf4 0-0 6. e3 c5 7. dxc5 Bxc5 8. Qc2 Nc6 9. Rd1 Re8 10. a3 e5 11. Bg5 d4 12. Nd5 Be7 13. Nxe7+ Qxe7 14. Be2 d3 15. Bxd3 e4 16. Bxf6 exd3 17. Bxe7 dxc2 18. Rc1 Rxe7 19. Rxc2 Bf5 20. Rc3 a5 21. 0-0 Rd8 22. Rfc1 Red7 23. Kf1 f6 24. h3 Kf7 25. b3 Rd1+ 26. Ke2 Rxc1 27. Rxc1 Bd3+ 28. Ke1 Ke6 29. Rd1 Rd7 30. Nd2 Bg6 31. Nf3 Bc2 32. Rxd7 Kxd7 33. Nd2 a4 34. bxa4 Kd6 35. Ke2 Kc5 36. f4 Na5 37. Nf3 Nb3 38. g4 Be4 39. Ng1 Kxc4 40. g5 f5 41. h4 Kc3 42. Nh3 Nc1+ 43. Kd1 Nd3 44. Ng1 Nb2+ 45. Ke2 Kc2 46. a5 g6 47. Nh3 Nd3 48. Ng1 Nc1+ 49. Ke1 Kd3 50. Kf2 Kd2 51. Nh3 Nd3+ 52. Kg3 Kxe3 53. a4 Bf3 54. a6 bxa6 55. a5 Bg4 56. Ng1 Nxf4 57. h5 Ne2+ 58. Nxe2 Bxe2 59. hxg6 hxg6 60. Kh4 Bb5 61. Kg3 f4+ 62. Kg2 f3+ 63. Kg3 f2 64. Kg2 f1Q+ 65. Kh2 Qf2+ 66. Kh3 Bd7# 0-1

[Event "Bengaluru Namma op 2nd"]
[Site "Bengaluru"]
[Date "2025.04.12"]
[Round "4"]
[White "Harshit, Ranjan Sahu"]
[Black "Krishnan, Ritvik"]
[Result "1-0"]
[WhiteElo "2142"]
[BlackElo "2316"]
[PlyCount "161"]
[EventDate "2025.04.10"]
[EventType "swiss"]
[EventRounds "10"]
[EventCountry "IND"]
[SourceTitle "CB18_2025"]
[SourceDate "2025.04.30"]
[SourceVersion "1"]
[SourceVersionDate "2025.04.30"]
[SourceQuality "1"]

1. e4 e6 2. d4 d5 3. exd5 exd5 4. Nf3 Nc6 5. c3 Bf5 6. Bd3 Qd7 7. Qc2 Bxd3 8. Qxd3 Bd6 9. 0-0 0-0-0 10. b4 f6 11. Nbd2 g5 12. Nb3 h5 13. a4 h4 14. Ba3 Nce7 15. b5 Qf5 16. Qe2 Bxa3 17. Rxa3 Ng6 18. Ne1 Nf4 19. Qa2 Re8 20. Nc1 h3 21. g3 Ng2 22. Qc2 Re4 23. Ncd3 Nh6 24. Qd1 Ng4 25. Qf3 Qe6 26. Ra1 Kb8 27. Nc2 b6 28. a5 Re8 29. Ncb4 Kc8 30. Nc6 N2e3 31. axb6 axb6 32. fxe3 Rxe3 33. Qf5 Qxf5 34. Rxf5 Rxd3 35. Ra8+ Kd7 36. Rxd5+ Ke6 37. Rxe8+ Kxd5 38. Nb4+ Kc4 39. Nxd3 Kxd3 40. Rc8 Kxc3 41. Rxc7+ Kxd4 42. Rc6 Kd5 43. Rxb6 Kc4 44. Rb8 Kc5 45. b6 Kc6 46. b7 Kc7 47. Rh8 Kxb7 48. Rxh3 Kc6 49. Rh8 Kd6 50. Re8 Ne5 51. h3 Kd7 52. Ra8 Ke6 53. Kf2 f5 54. Ke3 Ng6 55. Ra6+ Kf7 56. Kd4 Kg7 57. Ra5 Kf6 58. Ra1 Ke6 59. Rf1 Kf6 60. Kd5 Ne7+ 61. Kd6 Ng6 62. Rf2 Ne5 63. Kd5 Ng6 64. Kd4 Ke6 65. Rh2 Kf6 66. Rh1 f4 67. gxf4 Nxf4 68. Ke4 Nh5 69. Rg1 Ng7 70. Ra1 Kg6 71. Ke5 Kh5 72. Ra8 Kg6 73. Rf8 Nh5 74. Rg8+ Ng7 75. Ra8 Nh5 76. Ra6+ Kg7 77. Kf5 Ng3+ 78. Kxg5 Ne4+ 79. Kf4 Nf6 80. h4 Ng8 81. Kg5 1-0

[Event "Bengaluru Namma op 2nd"]
[Site "Bengaluru"]
[Date "2025.04.11"]
[Round "3"]
[White "Krishnan, Ritvik"]
[Black "Iniyan, Panneerseluam"]
[Result "1/2-1/2"]
[WhiteElo "2316"]
[BlackElo "2578"]
[PlyCount "83"]
[EventDate "2025.04.10"]
[EventType "swiss"]
[EventRounds "10"]
[EventCountry "IND"]
[SourceTitle "CB18_2025"]
[SourceDate "2025.04.30"]
[SourceVersion "1"]
[SourceVersionDate "2025.04.30"]
[SourceQuality "1"]

1. d4 Nf6 2. c4 e6 3. Nf3 b6 4. g3 Bb7 5. Bg2 Be7 6. 0-0 0-0 7. Re1 Qc8 8. Nc3 Ne4 9. Bd2 d6 10. Qc2 f5 11. Rad1 Bf6 12. d5 Bxc3 13. Bxc3 e5 14. b4 a5 15. a3 Nd7 16. Bb2 Ndf6 17. Nd2 Nxd2 18. Rxd2 axb4 19. axb4 Qd7 20. Bh3 Bc8 21. e4 Qa4 22. Bxf5 Bxf5 23. exf5 Qxb4 24. Rde2 Ra2 25. Qc1 Qb3 26. f4 exf4 27. Bxf6 Rxe2 28. Rxe2 gxf6 29. Qxf4 Ra8 30. Kg2 Ra2 31. Qe4 Rxe2+ 32. Qxe2 Qc3 33. Qe8+ Kg7 34. Qe7+ Kh6 35. Kh3 Qa1 36. Qf8+ Kh5 37. Qf7+ Kh6 38. Qf8+ Kh5 39. Qf7+ Kh6 40. Qe7 Qf1+ 41. Kh4 Qxf5 42. Qf8+ 1/2-1/2

[Event "Fagernes Autumn op"]
[Site "Fagernes"]
[Date "2024.10.08"]
[Round "3"]
[White "Das, Sayantan"]
[Black "Krishnan, Ritvik"]
[Result "1/2-1/2"]
[WhiteElo "2471"]
[BlackElo "2206"]
[PlyCount "121"]
[EventDate "2024.10.06"]
[EventType "swiss"]
[EventRounds "9"]
[EventCountry "NOR"]
[SourceTitle "CB42_2024"]
[Source "ChessBase"]
[SourceDate "2024.10.16"]
[SourceVersion "1"]
[SourceVersionDate "2024.10.16"]
[SourceQuality "1"]

1. e4 e5 2. Nf3 Nc6 3. Bb5 a6 4. Ba4 Nf6 5. 0-0 b5 6. Bb3 Bc5 7. c3 d6 8. d4 Bb6 9. Be3 0-0 10. h3 exd4 11. cxd4 Na5 12. Bc2 Bb7 13. Nbd2 Re8 14. Qb1 h6 15. Re1 Nc4 16. Nxc4 bxc4 17. Nd2 Rb8 18. f3 Nd5 19. exd5 Rxe3 20. Rxe3 Bxd4 21. Nf1 Qg5 22. Bh7+ Kh8 23. Qe4 Qxd5 24. Qxd5 Bxd5 25. Rd1 Bxe3+ 26. Nxe3 Be6 27. Be4 Rxb2 28. Rb1 Rxb1+ 29. Bxb1 d5 30. f4 f6 31. Kf2 d4 32. Nf5 c5 33. Ke1 c3 34. Nd6 Bd5 35. g4 a5 36. a3 Bb3 37. Nb7 c2 38. Bxc2 Bxc2 39. Nxc5 g5 40. Kd2 Bb1 41. f5 Kg8 42. Nb3 Be4 43. Nxa5 Bg2 44. Nb3 Bxh3 45. Nxd4 Bxg4 46. a4 Bh3 47. a5 Bg2 48. a6 Kf7 49. Ke3 Ba8 50. Ne6 Ke7 51. Ng7 Kd6 52. Kd4 Ke7 53. a7 Bf3 54. Kc5 Ba8 55. Nh5 Bf3 56. Kc4 Ba8 57. Kd4 Bf3 58. Ke3 Ba8 59. Kf2 Kd6 60. Nxf6 Ke5 61. Ng4+ 1/2-1/2

[Event "Fagernes Autumn op"]
[Site "Fagernes"]
[Date "2024.10.07"]
[Round "2"]
[White "Krishnan, Ritvik"]
[Black "Blomqvist, Erik"]
[Result "1-0"]
[WhiteElo "2206"]
[BlackElo "2483"]
[PlyCount "99"]
[EventDate "2024.10.06"]
[EventType "swiss"]
[EventRounds "9"]
[EventCountry "NOR"]
[SourceTitle "CB42_2024"]
[Source "ChessBase"]
[SourceDate "2024.10.16"]
[SourceVersion "1"]
[SourceVersionDate "2024.10.16"]
[SourceQuality "1"]

1. d4 Nf6 2. c4 e6 3. Nc3 Bb4 4. e3 c5 5. Nge2 d5 6. a3 Ba5 7. dxc5 dxc4 8. Bd2 0-0 9. Ng3 b6 10. Bxc4 bxc5 11. 0-0 Bb7 12. Qc2 Nbd7 13. Rfd1 Bc7 14. f4 Qe7 15. h3 Nd5 16. Rf1 Rfd8 17. Rae1 Rac8 18. e4 N5b6 19. Ba2 c4 20. e5 Nc5 21. Nce4 Nxe4 22. Nxe4 Qd7 23. Bb1 Bxe4 24. Qxe4 g6 25. Re2 Na4 26. Bc1 Qb5 27. Qf3 Qb3 28. Bc2 Qxf3 29. Rxf3 Bb6+ 30. Kf1 Nc5 31. Be3 Rd5 32. Rd2 Rcd8 33. Ke2 Nd7 34. Be4 Bxe3 35. Rxe3 Rxd2+ 36. Kxd2 Nc5+ 37. Kc3 Na4+ 38. Kxc4 Nxb2+ 39. Kb5 Rd4 40. Bc2 Nc4 41. Rc3 Nb6 42. g3 Rd7 43. Kc6 Re7 44. Bb3 Kf8 45. a4 Ke8 46. a5 Na8 47. Ba4 Kd8 48. Rb3 Kc8 49. Kd6 Rc7 50. Bc6 1-0

[Event "Budapest SixDays Two Years GM-A"]
[Site "Budapest"]
[Date "2024.10.03"]
[Round "6"]
[White "Krishnan, Ritvik"]
[Black "Mayank, Chakraborty"]
[Result "0-1"]
[WhiteElo "2206"]
[BlackElo "2431"]
[PlyCount "110"]
[EventDate "2024.09.30"]
[EventType "tourn"]
[EventRounds "9"]
[EventCountry "HUN"]
[EventCategory "6"]
[SourceTitle "EXT 2025"]
[Source "ChessBase"]
[SourceDate "2024.10.14"]
[SourceVersion "1"]
[SourceVersionDate "2024.10.14"]
[SourceQuality "1"]

1. Nf3 Nf6 2. c4 g6 3. Nc3 Bg7 4. e4 d6 5. d4 0-0 6. Be2 e5 7. 0-0 Bg4 8. d5 a5 9. Be3 Na6 10. Nd2 Bd7 11. Rb1 h5 12. h3 Qe8 13. b3 Nh7 14. a3 f5 15. exf5 gxf5 16. Bxh5 Qe7 17. f3 Qh4 18. f4 exf4 19. Bf2 Qg5 20. Rc1 Nc5 21. Be2 Rae8 22. Nf3 Qg6 23. Re1 Nf6 24. Bd4 Nfe4 25. Bf1 a4 26. Nxa4 Bxa4 27. bxa4 Ra8 28. Bxg7 Kxg7 29. Nd4 Rxa4 30. Nb5 c6 31. dxc6 bxc6 32. Nd4 Rxa3 33. Nf3 Qf6 34. Rc2 Rfa8 35. Qc1 Re3 36. Rxe3 Ra1 37. Qxa1 Qxa1 38. Re1 Qa7 39. Kh2 Kf6 40. Rd1 Qa4 41. Rdc1 Qb3 42. Kg1 Nd7 43. Kh2 Ne5 44. Be2 Ng3 45. Rc3 Qb4 46. Ng1 Qa5 47. R1c2 Ne4 48. Rb3 Qe1 49. Kh1 Ng3+ 50. Kh2 Ne4 51. Kh1 f3 52. gxf3 Qg3 53. Bf1 Nf2+ 54. Rxf2 Qxf2 55. Bg2 Nxc4 0-1

[Event "Kavala op-A 33rd"]
[Site "Kavala"]
[Date "2024.07.31"]
[Round "4"]
[White "Prraneeth, Vuppala"]
[Black "Krishnan, Ritvik"]
[Result "1/2-1/2"]
[WhiteElo "2432"]
[BlackElo "2246"]
[PlyCount "47"]
[EventDate "2024.07.29"]
[EventType "swiss"]
[EventRounds "9"]
[EventCountry "GRE"]
[SourceTitle "EXT 2025"]
[Source "ChessBase"]
[SourceDate "2024.10.14"]
[SourceVersion "1"]
[SourceVersionDate "2024.10.14"]
[SourceQuality "1"]

1. d4 Nf6 2. c4 e6 3. Nf3 d5 4. g3 Be7 5. Bg2 0-0 6. Qc2 c5 7. 0-0 cxd4 8. Nxd4 Nc6 9. Nxc6 bxc6 10. Rd1 Qb6 11. Nc3 Ba6 12. Be3 Qa5 13. Bd2 Qc5 14. Be3 Qa5 15. Bd2 Qc5 16. b3 dxc4 17. b4 Qxb4 18. Bxc6 Rac8 19. Nd5 Qa3 20. Bc1 Qc5 21. Be3 Qa3 22. Bc1 Qc5 23. Be3 Qa3 24. Bc1 1/2-1/2

[Event "Kavala op-A 33rd"]
[Site "Kavala"]
[Date "2024.07.30"]
[Round "3"]
[White "Krishnan, Ritvik"]
[Black "Kuru, Atilla"]
[Result "0-1"]
[WhiteElo "2246"]
[BlackElo "2372"]
[PlyCount "60"]
[EventDate "2024.07.29"]
[EventType "swiss"]
[EventRounds "9"]
[EventCountry "GRE"]
[SourceTitle "EXT 2025"]
[Source "ChessBase"]
[SourceDate "2024.10.14"]
[SourceVersion "1"]
[SourceVersionDate "2024.10.14"]
[SourceQuality "1"]

1. e4 c5 2. Nf3 e6 3. d4 cxd4 4. Nxd4 Nc6 5. Nc3 Qc7 6. Be3 a6 7. g4 b5 8. Nxc6 Qxc6 9. Qd2 b4 10. Ne2 Qxe4 11. Rg1 Qc4 12. Nf4 Qc7 13. 0-0-0 d5 14. Bg2 Bb7 15. Rge1 0-0-0 16. Bd4 Bd6 17. Nd3 Nf6 18. g5 Qc4 19. Ne5 Qxa2 20. Qe3 Ne4 21. Bxe4 dxe4 22. Nxf7 Rhf8 23. Nxd6+ Rxd6 24. c3 Rf3 25. Qe2 Qa1+ 26. Kc2 b3+ 27. Kxb3 Bd5+ 28. Kc2 Qa2 29. c4 Rc6 30. c5 Rxc5+ 0-1

[Event "Kavala op-A 33rd"]
[Site "Kavala"]
[Date "2024.07.30"]
[Round "2"]
[White "Raja, Rithvik R"]
[Black "Krishnan, Ritvik"]
[Result "0-1"]
[WhiteElo "2511"]
[BlackElo "2246"]
[PlyCount "76"]
[EventDate "2024.07.29"]
[EventType "swiss"]
[EventRounds "9"]
[EventCountry "GRE"]
[SourceTitle "EXT 2025"]
[Source "ChessBase"]
[SourceDate "2024.10.14"]
[SourceVersion "1"]
[SourceVersionDate "2024.10.14"]
[SourceQuality "1"]

1. c4 e5 2. g3 Be7 3. Nc3 f5 4. Bg2 Nf6 5. d4 d6 6. Nf3 e4 7. Ng5 c6 8. h4 0-0 9. 0-0 a5 10. Qb3 Na6 11. Na4 h6 12. Nh3 Be6 13. Nf4 Bf7 14. d5 Rb8 15. Nc3 Nc7 16. dxc6 bxc6 17. Qa4 c5 18. b3 Rb4 19. Qa3 Ng4 20. f3 exf3 21. exf3 Bf6 22. Nfe2 Ne5 23. Bd2 Re8 24. Qc1 a4 25. Qc2 axb3 26. axb3 Qb8 27. Rab1 Nc6 28. Rfe1 Bg6 29. f4 Rb6 30. Nd5 Nxd5 31. Bxd5+ Kh8 32. Qd3 Nb4 33. Bxb4 Rxb4 34. Qf3 Re7 35. Red1 Qe8 36. Bc6 Bh5 37. Qh1 Qg6 38. Rxd6 Rxe2 0-1

[Event "Biel HTO 57th"]
[Site "Biel"]
[Date "2024.07.18"]
[Round "4"]
[White "Krishnan, Ritvik"]
[Black "Khulan, Enkhsaikhan"]
[Result "0-1"]
[WhiteElo "2246"]
[BlackElo "2065"]
[PlyCount "86"]
[EventDate "2024.07.15"]
[EventType "swiss"]
[EventRounds "10"]
[EventCountry "SUI"]
[SourceTitle "CBM 221"]
[Source "ChessBase"]
[SourceDate "2024.08.31"]
[SourceVersion "1"]
[SourceVersionDate "2024.08.31"]
[SourceQuality "1"]

1. e4 e6 2. d4 d5 3. Nc3 Nf6 4. e5 Nfd7 5. f4 c5 6. Nf3 Nc6 7. Be3 cxd4 8. Nxd4 Bc5 9. Qd2 a6 10. 0-0-0 Nxd4 11. Bxd4 b5 12. f5 Bxd4 13. Qxd4 Qg5+ 14. Kb1 Qxf5 15. Re1 Qg5 16. h4 Qe7 17. g4 Bb7 18. Rh3 b4 19. Ne2 a5 20. Nf4 Ba6 21. Bxa6 Rxa6 22. g5 Rc6 23. Rg3 Rc4 24. Qd2 g6 25. h5 Rg8 26. hxg6 hxg6 27. b3 Rc8 28. Rh1 Nc5 29. Rg2 Ne4 30. Qd3 Nc3+ 31. Kb2 Qc7 32. Qa6 Qc6 33. Qd3 a4 34. Rgg1 Ra8 35. Ra1 a3+ 36. Kc1 Qc5 37. Rf1 Ke7 38. Qf3 Rgf8 39. Qh3 Rh8 40. Qd3 Rh2 41. Qf3 Rxc2+ 42. Kxc2 Ne4+ 43. Kd1 Qd4+ 0-1

[Event "Biel Rapid op 57th"]
[Site "Biel"]
[Date "2024.07.14"]
[Round "5"]
[White "Krishnan, Ritvik"]
[Black "Tahay, Alexis"]
[Result "1-0"]
[WhiteElo "2246"]
[BlackElo "2392"]
[PlyCount "81"]
[EventDate "2024.07.14"]
[EventType "swiss (rapid)"]
[EventRounds "9"]
[EventCountry "SUI"]
[SourceTitle "EXT 2025"]
[Source "ChessBase"]
[SourceDate "2024.10.14"]
[SourceVersion "1"]
[SourceVersionDate "2024.10.14"]
[SourceQuality "1"]

1. e4 c5 2. Nf3 d6 3. d4 cxd4 4. Nxd4 Nf6 5. Nc3 Nc6 6. Bg5 e6 7. Qd2 Qb6 8. Nb3 a6 9. 0-0-0 Be7 10. f3 0-0 11. g4 Rd8 12. Be3 Qc7 13. g5 Nd7 14. h4 b5 15. h5 Nc5 16. Kb1 b4 17. Ne2 Nxb3 18. cxb3 d5 19. Qc2 dxe4 20. Rxd8+ Bxd8 21. Qxe4 Bb7 22. g6 Ne5 23. gxf7+ Nxf7 24. Qxe6 Qe5 25. Bh3 Bf6 26. Nd4 Re8 27. Qxe5 Nxe5 28. Rf1 Nxf3 29. Ne6 Bd5 30. Bc1 h6 31. Nc7 Be4+ 32. Ka1 Re7 33. Nxa6 Nd4 34. Nxb4 Rb7 35. a3 Be7 36. Bc8 Rb8 37. Ba6 Ra8 38. Bc4+ Kh7 39. Rf4 Bxb4 40. Rxe4 Nc6 41. Bd5 1-0

[Event "Asia-ch Rapid U18"]
[Site "Almaty"]
[Date "2024.06.11"]
[Round "6"]
[White "Dau, Khuong Duy"]
[Black "Krishnan, Ritvik"]
[Result "0-1"]
[WhiteElo "2195"]
[BlackElo "2130"]
[PlyCount "100"]
[EventDate "2024.06.10"]
[EventType "swiss (rapid)"]
[EventRounds "9"]
[EventCountry "KAZ"]
[SourceTitle "EXT 2025"]
[Source "ChessBase"]
[SourceDate "2024.10.14"]
[SourceVersion "1"]
[SourceVersionDate "2024.10.14"]
[SourceQuality "1"]
[WhiteTeam "VIE"]
[BlackTeam "IND"]

1. e4 c5 2. Nf3 d6 3. Bb5+ Nd7 4. a4 Ngf6 5. Nc3 a6 6. Be2 g6 7. a5 Bg7 8. 0-0 b5 9. axb6 Bb7 10. d3 a5 11. Qd2 0-0 12. Qg5 Qxb6 13. Qh4 Bc6 14. Nd2 a4 15. Nc4 Qb7 16. Bh6 Nb6 17. Ne3 Nbd7 18. Rab1 Qc7 19. f4 Rfb8 20. Nc4 Nb6 21. Ne3 Nbd7 22. Rf3 Bh8 23. Nf5 Qd8 24. g4 a3 25. bxa3 Rxa3 26. Rxb8 Nxb8 27. Nd1 Ra1 28. Rh3 e6 29. Nfe3 Nbd7 30. f5 exf5 31. exf5 Ra4 32. c4 Qe7 33. Bf4 Nf8 34. g5 N6d7 35. f6 Nxf6 36. gxf6 Bxf6 37. Qg3 Bd4 38. Kf1 Ra1 39. Nf5 Qf6 40. Nxd4 cxd4 41. Qf2 Ba4 42. Ke1 Qe6 43. Qxd4 Rxd1+ 44. Kf2 Qxh3 45. Bxd1 Bxd1 46. Qxd6 Qf3+ 47. Kg1 Be2 48. h4 Qf1+ 49. Kh2 Qf2+ 50. Kh3 h5 0-1

[Event "Budapest SixDays 05 GM-B"]
[Site "Budapest"]
[Date "2024.05.21"]
[Round "9"]
[White "Krishnan, Ritvik"]
[Black "Lamard, Guillaume"]
[Result "1/2-1/2"]
[WhiteElo "2296"]
[BlackElo "2500"]
[PlyCount "186"]
[EventDate "2024.05.16"]
[EventType "tourn"]
[EventRounds "9"]
[EventCountry "HUN"]
[EventCategory "6"]
[SourceTitle "CBM 220 Extra"]
[Source "ChessBase"]
[SourceDate "2024.07.31"]
[SourceVersion "1"]
[SourceVersionDate "2024.07.31"]
[SourceQuality "1"]

1. e4 Nf6 2. e5 Nd5 3. d4 d6 4. c4 Nb6 5. f4 dxe5 6. fxe5 Bf5 7. Nc3 e6 8. Be3 Bb4 9. Nf3 c5 10. Qd2 Nc6 11. a3 cxd4 12. Nxd4 Nxd4 13. Bxd4 Bxc3 14. Bxc3 Qh4+ 15. Qf2 Qe4+ 16. Qe2 Rc8 17. Qxe4 Bxe4 18. Rd1 Nxc4 19. Rd4 Bd5 20. Bxc4 Rxc4 21. Rxc4 Bxc4 22. Kf2 Kd7 23. Rc1 Bd5 24. Bb4 f6 25. Bd6 fxe5 26. Bxe5 Rf8+ 27. Ke3 Rf5 28. Kd4 Bc6 29. Rc2 g6 30. Rd2 Ke7 31. Rc2 Rf1 32. Re2 g5 33. Ke3 Rd1 34. Bc3 Rh1 35. g3 g4 36. Rf2 Bf3 37. Kf4 h6 38. Bb4+ Kf7 39. Bc3 a6 40. Ke3 e5 41. Rd2 Ke6 42. Rf2 Bc6 43. Rd2 h5 44. Rf2 Bb5 45. Rc2 Rd1 46. Rd2 Re1+ 47. Kf2 Rf1+ 48. Kg2 Rf3 49. Rf2 Re3 50. Kg1 Bc6 51. Kf1 Be4 52. Bd2 Rd3 53. Ke2 Rd8 54. Bc3 Rh8 55. Ke3 Bc6 56. Bb4 Bf3 57. h4 Rc8 58. Bc3 Rc4 59. Rd2 Rc7 60. Rd8 Bc6 61. Rd2 Rc8 62. Rf2 Bd5 63. Re2 Bf3 64. Rf2 b5 65. Rd2 Rc4 66. Kf2 Re4 67. b3 Kf5 68. Bb4 Rd4 69. Bc3 Ke4 70. Bxd4 exd4 71. Ke1 Ke3 72. a4 b4 73. a5 d3 74. Re2+ Kd4 75. Re7 Kc3 76. Rd7 Kxb3 77. Rxd3+ Kc2 78. Rd8 b3 79. Rc8+ Kd3 80. Rb8 Kc3 81. Rc8+ Kd3 82. Rd8+ Ke3 83. Rb8 Bd5 84. Rb6 Bc4 85. Kd1 Kf3 86. Rh6 Kxg3 87. Rxh5 Kh2 88. Rg5 g3 89. h5 g2 90. h6 Bd3 91. Kc1 g1Q+ 92. Rxg1 Kxg1 93. Kb2 Bc2 1/2-1/2